00846cam a2200253 4500001000500000005001700005040002300022050001400045082000800059100003200067245003800099260004500137300002300182505000700205520009100212521001700303521001700320650003000337650002200367906004500389942001500434999001500449952012800464218120231108133410.0 aDLCcDLCdDLCbeng00aPZ7.F599200a8131 aFleischman, Sid,d1920-201010aJingo Django /cby Sid Fleischman aNew York :bBantam Doubleday Dell,c1971 a153 pages :c19 cm aO  aAn orphan boy resolves to follow a treasure map he finds inscribed on a whale's tooth. a710 bLexile aO bRaz-Plus 1aBuried treasurexFiction. 1aHumorous stories. a7bcbccorignewd2encipf19gy-gencatlg 2ddccBKn0 c2181d2181 00102ddc40708FICa001b001cTK Oranged2023-11-08l0oFLE 813 PZ7.F5992p2023-0739r2023-11-08 13:33:42w2023-11-08yBK